01446nam a2200181Ia 450000500170000000800410001702000180005808200190007610000240009524500280011926000240014730000140017150009290018565000100111494200120112499900190113695201090115520250728154344.0250728s9999 xx 000 0 und d a9781847243423 a951.14032bSPE aSpence, Jonathan D. 4aThe Death of Woman Wang bQuercus Booksc2008 a169 pages aIn The Death of Woman Wang the award-winning historian Jonathan Spence paints a vivid picture of an obscure time and place: provincial China in the late 17th century. Drawing on a range of sources, including local Chinese histories, the memoirs of scholars and other contemporary writings, Spence reconstructs an extraordinary tale of rural tragedy in a remote corner of the northeastern Chinese province of Shantung. Life in the county of T'an-ch'eng emerges as an endless cycle of floods, plagues, crop failures, banditry and heavy taxation. Against this turbulent background a tenacious tax collector, an irascible farmer, and an unhappy wife act out a poignant drama at whose climax the wife, having run away from her husband, returns to him, only to die at his hands. The Death of Woman Wang not only magnificently evokes the China of the late Ming period, but also deepens our understanding of the China we know today. aChina cENGLISH c577815d577815 00104070aACLbACLc7Bd2025-07-28l0o951.14032 SPEp415166r2025-07-28 15:43:44w2025-07-28yENGLISH